01229nam a2200313Ia 450000100060000000300090000600800410001504000130005604000130006904100130008210000220009510000290011724500880014624500680023425000110030226000100031326000170032326000490034030000590038950001150044865000150056365000310057894200070060995700060061699900170062299900070063999900060064695202630065299470IT-RoPAU130308s9999 xx 000 0 und d aIT-RoPAU cIT-RoPAU aFRANCESE aLeavitt Harold J. gCodice Aut. SPICS: 34290 aQuelques effets de divers reseaux de communication s sur la performance d'un groupe bPsychologie Sociale-1-Textes Fondamentaux Anglais et Americains a2a ed. aPARIS bDunod/Bordas c1989 [1° Ed.:1965 - Ed.Ling.Originale:1951] a"24 p. (prefazione: no ; testo: 24 [pagine: 293-316])" aAlcuni Effetti di reti Diverse di comunicazioni Sulla prestazione di un Gruppo. Dinamica dei gruppi Ristretti. aSOCIOLOGIA eCodice materia Spics: 3651 cBK 71 c42662d42662 bSI g1 001040699470_00000000000000071aSPICSbSPICSd2013-03-08l0o99470r2013-03-08 00:00:00w2013-03-08yBKzProgressivo inserimento: 9407 / N. Volumi: 0 [=Contributo] Copie: 1 Copia Rara: SI / data import: 1 marzo 2013 - By Epidotti, Trombetti, Vaglietti.